[Event "11. Hogeschool Zeeland Tournament"]
[Site "Vlissingen NED"]
[Date "2007.08.07"]
[Round "5.34"]
[White "Nijs, Nils"]
[Black "Verduyn, Frederic"]
[Result "1/2-1/2"]
[WhiteElo "2065"]
[BlackElo "2210"]
[PlyCount "59"]
[EventDate "2007.08.04"]
[EventType "swiss"]
[EventRounds "9"]
[EventCountry "NED"]
[Source "lmi"]
[SourceDate "2007.08.04"]

1. d4 d5 2. c4 Nc6 3. Nf3 Bg4 4. Nc3 e6 5. cxd5 exd5 6. Bf4 Bxf3 7. gxf3 Nf6 8.
e3 Bb4 9. Bb5 O-O 10. O-O Bxc3 11. bxc3 Nh5 12. Bg3 f5 13. Bxc6 bxc6 14. Be5 f4
15. Kh1 Qh4 16. Qe2 Rae8 17. Rg1 Qh3 18. Raf1 g6 19. Bxc7 Ng7 20. Be5 Ne6 21.
Rg2 Rf5 22. Qd1 Ng5 23. e4 dxe4 24. fxe4 Nxe4 25. Qb3+ Rf7 26. Bxf4 Qf3 27. Be3
Nd6 28. Rfg1 Nf5 29. Qd1 Qe4 30. Qb1 1/2-1/2

[Event "11. Hogeschool Zeeland Tournament"]
[Site "Vlissingen NED"]
[Date "2007.08.07"]
[Round "5.35"]
[White "Jap Tjoen San, Linda"]
[Black "Westerweele, Henrik"]
[Result "1/2-1/2"]
[WhiteElo "2199"]
[BlackElo "2018"]
[PlyCount "75"]
[EventDate "2007.08.04"]
[EventType "swiss"]
[EventRounds "9"]
[EventCountry "NED"]
[Source "lmi"]
[SourceDate "2007.08.04"]

1. e4 e6 2. d4 d5 3. Nc3 Bb4 4. e5 c5 5. a3 Bxc3+ 6. bxc3 Ne7 7. Qg4 O-O 8. Nf3
f5 9. exf6 Rxf6 10. Bg5 Rf8 11. Qh4 Qa5 12. Bd3 Qxc3+ 13. Bd2 Qxa1+ 14. Ke2
Qxh1 15. Qxh7+ Kf7 16. Qh5+ g6 17. Bxg6+ Nxg6 18. Ne5+ Ke7 19. Nxg6+ Kd6 20.
dxc5+ Kc6 21. Nxf8 Qxg2 22. Qe8+ Bd7 23. Nxd7 Qe4+ 24. Kd1 Qf3+ 25. Kc1 Qxa3+
26. Kb1 Nxd7 27. Qxe6+ Kb5 28. Qxd7+ Kc4 29. Qg4+ Kxc5 30. Qd7 Qa6 31. Be3+ Kc4
32. Qg4+ Kb5 33. c4+ dxc4 34. Qf5+ Ka4 35. Qc2+ Kb5 36. Qf5+ Ka4 37. Qc2+ Kb5
38. Qf5+ 1/2-1/2

[Event "11. Hogeschool Zeeland Tournament"]
[Site "Vlissingen NED"]
[Date "2007.08.07"]
[Round "5.36"]
[White "Haak, Eelco"]
[Black "Koes, Richard"]
[Result "1-0"]
[WhiteElo "2182"]
[BlackElo "2003"]
[PlyCount "121"]
[EventDate "2007.08.04"]
[EventType "swiss"]
[EventRounds "9"]
[EventCountry "NED"]
[Source "lmi"]
[SourceDate "2007.08.04"]

1. d4 Nf6 2. Nf3 g6 3. c4 Bg7 4. Nc3 d6 5. e3 O-O 6. Be2 Nbd7 7. O-O c6 8. b4
Qc7 9. a4 a5 10. Ba3 axb4 11. Bxb4 Re8 12. a5 Bf8 13. Na4 Qb8 14. Qc2 d5 15.
Rfb1 e6 16. Bxf8 Kxf8 17. a6 Qc7 18. cxd5 exd5 19. Nc5 bxa6 20. Bxa6 Bxa6 21.
Nxa6 Qd6 22. Rc1 Rec8 23. Nc5 Rxa1 24. Rxa1 Rb8 25. Ra7 Kg7 26. g3 Rb4 27. Nd3
Rc4 28. Qb2 Qe6 29. Nfe5 Nxe5 30. Nxe5 Ng4 31. Nxc4 dxc4 32. d5+ Qe5 33. Qxe5+
Nxe5 34. dxc6 Nxc6 35. Rc7 Ne5 36. f4 Nf3+ 37. Kf2 Nxh2 38. Rxc4 h5 39. e4 Ng4+
40. Kf3 Nh2+ 41. Ke3 Nf1+ 42. Kf2 Nh2 43. Rc7 Ng4+ 44. Ke2 Nh6 45. Kd3 Kf6 46.
Kd4 Kg7 47. Kd5 Kf6 48. Kd6 Kg7 49. Kd7 Kf6 50. Ke8 Kg7 51. Ra7 Kg8 52. e5 Nf5
53. Rxf7 Nxg3 54. e6 Ne4 55. Kd7 h4 56. f5 Nc5+ 57. Kd6 Ne4+ 58. Ke5 gxf5 59.
Rxf5 Nc5 60. e7 Nd7+ 61. Kd6 1-0

[Event "11. Hogeschool Zeeland Tournament"]
[Site "Vlissingen NED"]
[Date "2007.08.07"]
[Round "5.37"]
[White "Hekhuis, Jeroen"]
[Black "Visser, Anton"]
[Result "1/2-1/2"]
[WhiteElo "2163"]
[BlackElo "1990"]
[PlyCount "28"]
[EventDate "2007.08.04"]
[EventType "swiss"]
[EventRounds "9"]
[EventCountry "NED"]
[Source "lmi"]
[SourceDate "2007.08.04"]

1. Nf3 d6 2. c4 g6 3. Nc3 Bg7 4. d4 Bg4 5. e4 Nc6 6. Be3 e5 7. d5 Nd4 8. Bxd4
exd4 9. Nb5 Bxf3 10. gxf3 c6 11. Nxd4 Qa5+ 12. Ke2 Qc5 13. Nb3 Qxc4+ 14. Qd3
Qxd3+ 1/2-1/2

[Event "11. Hogeschool Zeeland Tournament"]
[Site "Vlissingen NED"]
[Date "2007.08.07"]
[Round "5.38"]
[White "Zilverberg, Jasper"]
[Black "Stange, Sven"]
[Result "1/2-1/2"]
[WhiteElo "2022"]
[BlackElo "2144"]
[PlyCount "36"]
[EventDate "2007.08.04"]
[EventType "swiss"]
[EventRounds "9"]
[EventCountry "NED"]
[Source "lmi"]
[SourceDate "2007.08.04"]

1. c4 Nf6 2. g3 e6 3. Bg2 c5 4. Nc3 Nc6 5. e4 a6 6. Nge2 Rb8 7. O-O b5 8. d4 b4
9. Bf4 d6 10. e5 Nxd4 11. Nxd4 cxd4 12. Ne2 dxe5 13. Bxe5 Bd6 14. Bc6+ Ke7 15.
Qxd4 Bxe5 16. Qxe5 Qd6 17. Qxd6+ Kxd6 18. Bg2 Bb7 1/2-1/2

[Event "11. Hogeschool Zeeland Tournament"]
[Site "Vlissingen NED"]
[Date "2007.08.07"]
[Round "5.39"]
[White "Galle, Andre"]
[Black "Dhar-Barua, Saheli"]
[Result "0-1"]
[WhiteElo "1992"]
[BlackElo "2142"]
[PlyCount "82"]
[EventDate "2007.08.04"]
[EventType "swiss"]
[EventRounds "9"]
[EventCountry "NED"]
[Source "lmi"]
[SourceDate "2007.08.04"]

1. e4 e6 2. Nf3 d5 3. e5 c5 4. b4 b6 5. a3 Nc6 6. c3 d4 7. Bb5 Bd7 8. Qe2 Nge7
9. O-O Nd5 10. Bb2 Be7 11. cxd4 cxb4 12. Rc1 Na5 13. Re1 O-O 14. axb4 Nxb4 15.
Na3 Rc8 16. Bc3 Nd5 17. Bd3 Nf4 18. Qe4 Nxd3 19. Qxd3 Nb3 20. Ra2 Bc6 21. Nc2
a5 22. Na1 Nc5 23. Qe3 Bd5 24. Rb2 Na4 25. Rbb1 Rc4 26. Nb3 h6 27. Nc1 Qc7 28.
Ne2 Rb8 29. Ba1 b5 30. Nf4 Ba8 31. d5 exd5 32. Nd4 Bg5 33. h4 Bxh4 34. Nxb5
Rxb5 35. Rxb5 Re4 36. Qb3 Rxe1+ 37. Kh2 Rxa1 38. Rb8+ Kh7 39. Qd3+ g6 40. Rxa8
Qc1 41. Kh3 Ra3 0-1

[Event "11. Hogeschool Zeeland Tournament"]
[Site "Vlissingen NED"]
[Date "2007.08.07"]
[Round "5.40"]
[White "Hahnen, Elke"]
[Black "Oosterom, Erik"]
[Result "0-1"]
[WhiteElo "1908"]
[BlackElo "2132"]
[PlyCount "92"]
[EventDate "2007.08.04"]
[EventType "swiss"]
[EventRounds "9"]
[EventCountry "NED"]
[Source "lmi"]
[SourceDate "2007.08.04"]

1. d4 d5 2. e3 Nf6 3. Bd3 Bg4 4. Nf3 Nbd7 5. h3 Bxf3 6. gxf3 e5 7. dxe5 Nxe5 8.
f4 Nxd3+ 9. cxd3 Qd7 10. Bd2 O-O-O 11. Bc3 Qf5 12. Qc2 d4 13. Bxd4 Rxd4 14.
exd4 Nd5 15. Qe2 Bb4+ 16. Kf1 Nxf4 17. Qg4 Qxg4 18. hxg4 Nxd3 19. a3 Be7 20.
Ra2 Nc1 21. Ra1 Nb3 22. Ra2 Bf6 23. Rh3 Nxd4 24. b4 h6 25. f4 Re8 26. Nd2 Nb5
27. a4 Nc3 28. Ra3 Nd5 29. g5 hxg5 30. fxg5 Bxg5 31. Nf3 Be7 32. Rh5 c6 33. Re5
Rh8 34. Rb3 Rh1+ 35. Kg2 Ra1 36. a5 Ra2+ 37. Kh3 a6 38. Nh4 g6 39. Nf3 Bd6 40.
Re4 f5 41. Re8+ Kd7 42. Rg8 Nf4+ 43. Kh4 Rg2 44. Rg7+ Kc8 45. Rg8+ Kc7 46. Rg7+
Kb8 0-1

[Event "11. Hogeschool Zeeland Tournament"]
[Site "Vlissingen NED"]
[Date "2007.08.07"]
[Round "5.41"]
[White "Van Der Grinten, Bas"]
[Black "In 't Veld, Rene"]
[Result "0-1"]
[WhiteElo "1904"]
[BlackElo "2116"]
[PlyCount "96"]
[EventDate "2007.08.04"]
[EventType "swiss"]
[EventRounds "9"]
[EventCountry "NED"]
[Source "lmi"]
[SourceDate "2007.08.04"]

1. e4 e5 2. Nf3 Nc6 3. Bb5 a6 4. Ba4 Nf6 5. O-O b5 6. Bb3 Be7 7. d4 d6 8. c3
Bg4 9. Bg5 Bxf3 10. Qxf3 exd4 11. Bxf6 Bxf6 12. Bd5 Ne5 13. Qh5 c6 14. Bb3 g6
15. Qh6 dxc3 16. Nxc3 a5 17. a4 b4 18. Nd1 Bg5 19. Qh3 Qd7 20. f4 Qxh3 21. gxh3
Bxf4 22. Rxf4 O-O 23. Nf2 h5 24. Rd1 Rad8 25. Rf6 c5 26. Rfxd6 Rc8 27. Ba2 Rfe8
28. Nd3 Nxd3 29. R1xd3 Rxe4 30. Rxg6+ Kf8 31. Rf3 c4 32. Rgf6 Re7 33. Rf1 b3
34. Bb1 c3 35. bxc3 Rxc3 36. Kg2 Rc4 37. R6f4 Re2+ 38. R1f2 Rxf4 39. Rxe2 Rxa4
40. Kf2 Rb4 41. Re5 a4 42. Rxh5 Rc4 43. Ra5 Rc1 44. Rxa4 Rxb1 45. Rb4 b2 46.
Kg2 Kg7 47. h4 Kg6 48. Kh3 f5 0-1

[Event "11. Hogeschool Zeeland Tournament"]
[Site "Vlissingen NED"]
[Date "2007.08.07"]
[Round "5.43"]
[White "Niesert, Loet"]
[Black "Rosmuller, Anton"]
[Result "0-1"]
[WhiteElo "1895"]
[BlackElo "2114"]
[PlyCount "106"]
[EventDate "2007.08.04"]
[EventType "swiss"]
[EventRounds "9"]
[EventCountry "NED"]
[Source "lmi"]
[SourceDate "2007.08.04"]

1. e4 c5 2. Nf3 d6 3. d4 cxd4 4. Nxd4 Nf6 5. Nc3 a6 6. Be2 e5 7. Nb3 Be7 8. O-O
O-O 9. f4 a5 10. Be3 a4 11. Nd2 a3 12. b3 Nc6 13. Nd5 Nxd5 14. exd5 Nb4 15. c4
exf4 16. Bd4 g5 17. Bc3 Bf5 18. Ne4 f6 19. Bxb4 Qb6+ 20. Nc5 dxc5 21. Bc3 Bd6
22. Bg4 Bg6 23. Be6+ Kg7 24. Qg4 h6 25. h4 Be5 26. Bxe5 fxe5 27. hxg5 h5 28.
Qf3 Qd6 29. Rae1 Rae8 30. Qc3 Rxe6 31. dxe6 Rf5 32. Re4 Kh7 33. Rfe1 f3 34.
gxf3 Rxg5+ 35. Kf2 Bxe4 36. Rxe4 Qxe6 37. Qe3 Qe7 38. f4 Rf5 39. Rxe5 Qxe5 40.
Qxe5 Rxe5 41. fxe5 Kg6 42. e6 Kf6 43. e7 Kxe7 44. Kg3 Kf6 45. Kh4 Kg6 46. Kh3
Kg5 47. Kg3 Kf5 48. Kh4 Ke4 49. Kxh5 Kd3 50. Kg5 Kc2 51. Kf5 Kb2 52. Ke5 Kxa2
53. Kd5 Kxb3 0-1

[Event "11. Hogeschool Zeeland Tournament"]
[Site "Vlissingen NED"]
[Date "2007.08.07"]
[Round "5.45"]
[White "Kalisvaart, Peter"]
[Black "Westerweele, Maarten"]
[Result "1/2-1/2"]
[WhiteElo "2104"]
[BlackElo "1940"]
[PlyCount "96"]
[EventDate "2007.08.04"]
[EventType "swiss"]
[EventRounds "9"]
[EventCountry "NED"]
[Source "lmi"]
[SourceDate "2007.08.04"]

1. d4 Nf6 2. Bg5 c5 3. Nc3 Qb6 4. Bxf6 gxf6 5. Nd5 Qd8 6. e3 e6 7. Nc3 cxd4 8.
exd4 Qa5 9. a3 d5 10. g3 Nc6 11. Nge2 Bh6 12. Bg2 Qd8 13. O-O Ne7 14. Qd3 O-O
15. f4 f5 16. b3 Bg7 17. Nd1 Bd7 18. Ne3 Qb6 19. c4 dxc4 20. bxc4 Bc6 21. Rab1
Qc7 22. d5 Rad8 23. Rfd1 Qd6 24. Qb3 exd5 25. cxd5 Be8 26. Qb4 b6 27. Qxd6 Rxd6
28. Nc4 Rd8 29. d6 Nc6 30. d7 Bxd7 31. Rxd7 Rxd7 32. Bxc6 Rc7 33. Bb5 Rd8 34.
Kf2 Bf8 35. Ne3 Bc5 36. Kf3 Rd2 37. Nxf5 Kf8 38. a4 Rc8 39. Rc1 Rcd8 40. h4
R8d5 41. Ne3 Rd8 42. Rc4 Rb2 43. Re4 Rb3 44. f5 Kg7 45. g4 Rd1 46. Kf4 Bxe3+
47. Rxe3 Rf1+ 48. Ke4 Rb4+ 1/2-1/2

[Event "11. Hogeschool Zeeland Tournament"]
[Site "Vlissingen NED"]
[Date "2007.08.07"]
[Round "5.48"]
[White "Van Leent, Dmitri"]
[Black "De Pooter, Ronald"]
[Result "1/2-1/2"]
[WhiteElo "2222"]
[BlackElo "1893"]
[PlyCount "56"]
[EventDate "2007.08.04"]
[EventType "swiss"]
[EventRounds "9"]
[EventCountry "NED"]
[Source "lmi"]
[SourceDate "2007.08.04"]

1. c4 Nf6 2. g3 d5 3. cxd5 Nxd5 4. Bg2 c6 5. Nf3 Nd7 6. d4 N7f6 7. O-O Bf5 8.
Nc3 e6 9. Ne5 Bb4 10. Qb3 Qb6 11. e4 Bxc3 12. exd5 Qxb3 13. axb3 Bxd4 14. Nf3
Bb6 15. dxc6 Be4 16. cxb7 Bxb7 17. Ne5 Bxg2 18. Kxg2 O-O 19. Nc4 Bc5 20. Ra5
Bb4 21. Ra6 Bc5 22. Bd2 Nd5 23. Rfa1 Rfb8 24. Na5 Rb6 25. Nc6 Rxb3 26. R1a2 Nc7
27. R6a5 Bb6 28. R5a4 Nb5 1/2-1/2

[Event "11. Hogeschool Zeeland Tournament"]
[Site "Vlissingen NED"]
[Date "2007.08.08"]
[Round "6.3"]
[White "Ikonnikov, Vyacheslav"]
[Black "Delemarre, Jop"]
[Result "1/2-1/2"]
[WhiteElo "2558"]
[BlackElo "2457"]
[PlyCount "151"]
[EventDate "2007.08.04"]
[EventType "swiss"]
[EventRounds "9"]
[EventCountry "NED"]
[Source "lmi"]
[SourceDate "2007.08.04"]

1. Nf3 Nf6 2. c4 e6 3. Nc3 d5 4. d4 Bb4 5. Bg5 h6 6. Bxf6 Qxf6 7. Qa4+ Nc6 8.
e3 O-O 9. Rc1 dxc4 10. Bxc4 e5 11. d5 Bxc3+ 12. Rxc3 Ne7 13. O-O e4 14. Nd2 Qe5
15. f4 exf3 16. Nxf3 Qd6 17. Rd1 Bg4 18. Bb3 Bxf3 19. gxf3 c6 20. dxc6 Qg6+ 21.
Kh1 bxc6 22. Qh4 Qg5 23. Qxg5 hxg5 24. Rc5 Rfd8 25. Rg1 g6 26. Rcxg5 Kg7 27. e4
Rd2 28. R1g2 Rad8 29. Ra5 R2d7 30. Kg1 Rh8 31. Re2 Ng8 32. e5 Rh3 33. e6 fxe6
34. Bxe6 Re7 35. Bxh3 Rxe2 36. Rxa7+ Kf6 37. Rb7 Ne7 38. Bf1 Rc2 39. a4 Nf5 40.
Bd3 Rd2 41. Bxf5 Kxf5 42. a5 Rd1+ 43. Kf2 Ra1 44. b4 Kf4 45. Rf7+ Kg5 46. Rc7
Rb1 47. Rxc6 Rxb4 48. Kg3 Ra4 49. h4+ Kh6 50. Ra6 Ra1 51. Ra8 Rg1+ 52. Kh2 Ra1
53. a6 Kg7 54. a7 Kh7 55. f4 Ra5 56. Kg3 Kg7 57. h5 gxh5 58. f5 h4+ 59. Kxh4
Ra4+ 60. Kg3 Ra3+ 61. Kf4 Kf7 62. Rh8 Rxa7 63. Kg5 Ra6 64. Rb8 Rc6 65. Rb7+ Kf8
66. Rb5 Kg7 67. Rb1 Ra6 68. Rb7+ Kf8 69. Rh7 Kg8 70. Re7 Kf8 71. Re6 Rxe6 72.
fxe6 Ke7 73. Kf5 Ke8 74. Kf6 Kf8 75. e7+ Ke8 76. Ke6 1/2-1/2

[Event "11. Hogeschool Zeeland Tournament"]
[Site "Vlissingen NED"]
[Date "2007.08.08"]
[Round "6.7"]
[White "Flores, Diego"]
[Black "Van Dooren, Dirk"]
[Result "1-0"]
[WhiteElo "2560"]
[BlackElo "2331"]
[PlyCount "87"]
[EventDate "2007.08.04"]
[EventType "swiss"]
[EventRounds "9"]
[EventCountry "NED"]
[Source "lmi"]
[SourceDate "2007.08.04"]

1. c4 e5 2. Nc3 Nc6 3. g3 f5 4. Bg2 Nf6 5. d3 g6 6. e4 d6 7. Nge2 Bg7 8. O-O
O-O 9. Rb1 Be6 10. Nd5 Qd7 11. b4 Nd8 12. b5 Nh5 13. exf5 Bxf5 14. Nec3 Bg4 15.
f3 Be6 16. Ne4 c6 17. bxc6 bxc6 18. Ne3 Nf7 19. Ba3 Rfb8 20. Qa4 Nf6 21. Rxb8+
Rxb8 22. f4 Nxe4 23. Bxe4 exf4 24. Bxc6 Qd8 25. Rxf4 Ng5 26. Kg2 Qb6 27. Qb5
Be5 28. Rh4 Qc7 29. Nd5 Qd8 30. Qa4 Qf8 31. Nf4 Bd4 32. Qc2 Bf5 33. Bd5+ Kg7
34. Bc1 Re8 35. Nxg6 Kxg6 36. Bxg5 Kxg5 37. Qd1 Be3 38. Be4 Bxe4+ 39. dxe4 Qf2+
40. Kh3 Re6 41. Rh5+ Kf6 42. Rf5+ Qxf5+ 43. exf5 Kxf5 44. Qh5+ 1-0

[Event "11. Hogeschool Zeeland Tournament"]
[Site "Vlissingen NED"]
[Date "2007.08.08"]
[Round "6.9"]
[White "Zaragatski, Ilja"]
[Black "Piasetski, Leon"]
[Result "1/2-1/2"]
[WhiteElo "2480"]
[BlackElo "2307"]
[PlyCount "123"]
[EventDate "2007.08.04"]
[EventType "swiss"]
[EventRounds "9"]
[EventCountry "NED"]
[Source "lmi"]
[SourceDate "2007.08.04"]

1. e4 d6 2. d4 g6 3. Nc3 Bg7 4. Nf3 Nf6 5. Be2 O-O 6. O-O e6 7. h3 Nc6 8. Be3
Ne7 9. Qd2 b6 10. Bg5 Bb7 11. Qf4 Nxe4 12. Nxe4 f6 13. Bh4 Nf5 14. Bd3 g5 15.
Nfxg5 fxg5 16. Bxg5 Qe8 17. Ng3 Qc6 18. Be4 Nxg3 19. Bxc6 Ne2+ 20. Kh2 Nxf4 21.
Bxb7 Rab8 22. Bc6 Bxd4 23. c3 Be5 24. g3 Nd3 25. f4 Bg7 26. Rab1 h6 27. Bh4 Nc5
28. Rbe1 Bf6 29. Bxf6 Rxf6 30. b4 Nb7 31. Rxe6 Rxe6 32. Bd5 Rbe8 33. f5 Nd8 34.
fxe6 c6 35. e7+ cxd5 36. exd8=Q Rxd8 37. Rd1 Rc8 38. g4 Rxc3 39. Rxd5 Ra3 40.
Rxd6 Rxa2+ 41. Kg3 Kg7 42. b5 Ra5 43. Rd5 a6 44. Rd7+ Kg6 45. Rd6+ Kg7 46. Rxb6
Rxb5 47. Rxa6 Rb4 48. Re6 Ra4 49. h4 Ra7 50. Kf4 Rf7+ 51. Ke5 Ra7 52. h5 Ra5+
53. Kf4 Ra4+ 54. Kf5 Ra5+ 55. Re5 Ra7 56. Rd5 Rf7+ 57. Ke4 Re7+ 58. Re5 Ra7 59.
Re6 Ra4+ 60. Kf5 Ra5+ 61. Re5 Ra1 62. Rd5 1/2-1/2

[Event "11. Hogeschool Zeeland Tournament"]
[Site "Vlissingen NED"]
[Date "2007.08.08"]
[Round "6.10"]
[White "Van Weersel, Arlette"]
[Black "Barua, Dibyendu"]
[Result "0-1"]
[WhiteElo "2158"]
[BlackElo "2462"]
[PlyCount "136"]
[EventDate "2007.08.04"]
[EventType "swiss"]
[EventRounds "9"]
[EventCountry "NED"]
[Source "lmi"]
[SourceDate "2007.08.04"]

1. e4 e6 2. d3 c5 3. Nf3 b6 4. g3 d5 5. Nbd2 Nf6 6. c3 Ba6 7. Qa4+ b5 8. Qc2
Be7 9. exd5 Nxd5 10. d4 Qb6 11. dxc5 Bxc5 12. Ne4 Nd7 13. Nxc5 Nxc5 14. Be2 Bb7
15. O-O Rc8 16. Bd2 O-O 17. Rae1 Nf6 18. Be3 Qc6 19. h3 Ncd7 20. Bd4 h6 21. Kh2
Qd5 22. Qb3 a6 23. Qxd5 Bxd5 24. Ne5 Nxe5 25. Bxe5 Ne4 26. Bf4 Rfd8 27. Ra1 Nc5
28. Rfd1 Na4 29. Rd2 Bc4 30. Bxc4 bxc4 31. Rxd8+ Rxd8 32. b3 Nxc3 33. bxc4 Rc8
34. Rc1 Ne2 35. Rc2 Nxf4 36. gxf4 Rc5 37. Kg3 Kf8 38. Kf3 Ke7 39. Ke4 Kd6 40.
Rc3 Ra5 41. a3 Kc5 42. Ke5 Kc6+ 43. Ke4 Rf5 44. Rb3 Kc5 45. Rb4 a5 46. Ra4 Kb6
47. h4 Rc5 48. Kd4 Kc6 49. Ke4 g6 50. Kd4 Kd6 51. Ke4 f6 52. f3 Kd7 53. Kd4 Kc6
54. Ke3 Kd6 55. Ke4 Rh5 56. Ke3 Kc6 57. Ke4 Kb6 58. Ke3 Ka6 59. Kd3 Rxh4 60. c5
e5 61. fxe5 Rxa4 62. e6 Rxa3+ 63. Kd4 Ra1 64. Kd5 Re1 65. Kd6 Kb7 66. Kd7 Rd1+
67. Ke7 a4 68. Kxf6 a3 0-1

[Event "11. Hogeschool Zeeland Tournament"]
[Site "Vlissingen NED"]
[Date "2007.08.08"]
[Round "6.11"]
[White "Van Riemsdijk, Herman C"]
[Black "Doggers, Peter"]
[Result "1/2-1/2"]
[WhiteElo "2420"]
[BlackElo "2233"]
[PlyCount "103"]
[EventDate "2007.08.04"]
[EventType "swiss"]
[EventRounds "9"]
[EventCountry "NED"]
[Source "lmi"]
[SourceDate "2007.08.04"]

1. e4 e5 2. Nf3 Nc6 3. Bb5 a6 4. Ba4 Nf6 5. O-O Be7 6. Re1 b5 7. Bb3 d6 8. c3
O-O 9. d4 Bg4 10. Be3 exd4 11. cxd4 Na5 12. Bc2 Nc4 13. Bc1 c5 14. b3 Nb6 15.
dxc5 dxc5 16. Nbd2 Re8 17. Qe2 Rc8 18. a4 c4 19. bxc4 Nxc4 20. Nxc4 bxc4 21. h3
Bh5 22. Rd1 Qa5 23. e5 Bxf3 24. gxf3 Bf8 25. f4 g6 26. Qf3 Nh5 27. Rb1 Ng7 28.
Be3 Bc5 29. Rd5 Qc3 30. Be4 Bxe3 31. Qxe3 Qxe3 32. fxe3 Ne6 33. Rc1 Nc5 34.
Rxc4 Nxe4 35. Rxe4 Rc2 36. Red4 Re2 37. Rd8 Rxd8 38. Rxd8+ Kg7 39. Rd3 Kf8 40.
Kf1 Ra2 41. Rd4 Ke7 42. e4 Rh2 43. Rd6 Rxh3 44. Kf2 Rh4 45. Kg3 g5 46. fxg5
Rxe4 47. Rxa6 Rxe5 48. Kf4 Rc5 49. Ra7+ Kf8 50. a5 Kg7 51. Ra6 Rb5 52. Kg4
1/2-1/2

[Event "11. Hogeschool Zeeland Tournament"]
[Site "Vlissingen NED"]
[Date "2007.08.08"]
[Round "6.12"]
[White "Van Der Heijden, Alan"]
[Black "Van Haastert, Edwin"]
[Result "0-1"]
[WhiteElo "2215"]
[BlackElo "2408"]
[PlyCount "148"]
[EventDate "2007.08.04"]
[EventType "swiss"]
[EventRounds "9"]
[EventCountry "NED"]
[Source "lmi"]
[SourceDate "2007.08.04"]

1. Nf3 c5 2. c4 Nc6 3. d4 cxd4 4. Nxd4 Qb6 5. Nc2 e6 6. Nc3 Nf6 7. g3 d5 8.
cxd5 exd5 9. Bg2 d4 10. Nb1 Bc5 11. O-O O-O 12. Nd2 Bg4 13. Nf3 Rfe8 14. Nce1
Rad8 15. Nd3 Nb4 16. a3 Nxd3 17. Qxd3 Qe6 18. b4 Bb6 19. Bf4 Qxe2 20. Qxe2 Rxe2
21. Ne5 d3 22. Be3 Bxe3 23. fxe3 d2 24. Bxb7 Be6 25. Nc6 Rd7 26. Nd4 Rxe3 27.
Nxe6 Rxb7 28. Nc5 Rb8 29. Rad1 Rd8 30. Rf2 Re1+ 31. Rf1 Re3 32. Rf2 Rxa3 33.
Rfxd2 Rxd2 34. Rxd2 h5 35. Kg2 Ng4 36. Ne4 f6 37. h3 Ne5 38. Nc5 Kf7 39. Rb2
Nc4 40. Re2 g5 41. Kh2 Ne3 42. Rf2 Kg6 43. Nd7 f5 44. Nf8+ Kg7 45. Ne6+ Kf6 46.
Nd4 Kg6 47. Nb5 Ra4 48. Re2 f4 49. gxf4 gxf4 50. Rf2 Kg5 51. Re2 h4 52. Nd4
Rxb4 53. Nf3+ Kf5 54. Ra2 Ke4 55. Ng5+ Kd3 56. Ra3+ Kd4 57. Rxa7 Rb2+ 58. Kh1
Rf2 59. Ra4+ Kd3 60. Ra3+ Ke2 61. Ra2+ Ke1 62. Ra1+ Nd1 63. Ne4 Rf3 64. Kg1 Re3
65. Nf2 Rg3+ 66. Kh2 Kxf2 67. Rxd1 Re3 68. Rg1 f3 69. Rg2+ Ke1 70. Rg1+ Ke2 71.
Ra1 f2 72. Ra2+ Kf3 73. Ra1 Re1 74. Rxe1 fxe1=N 0-1

[Event "11. Hogeschool Zeeland Tournament"]
[Site "Vlissingen NED"]
[Date "2007.08.08"]
[Round "6.13"]
[White "Leenhouts, Koen"]
[Black "Piket, Joop"]
[Result "1/2-1/2"]
[WhiteElo "2395"]
[BlackElo "2216"]
[PlyCount "34"]
[EventDate "2007.08.04"]
[EventType "swiss"]
[EventRounds "9"]
[EventCountry "NED"]
[Source "lmi"]
[SourceDate "2007.08.04"]

1. e4 d6 2. d4 Nf6 3. Nc3 g6 4. f4 Bg7 5. a3 O-O 6. Nf3 c5 7. dxc5 dxc5 8. Qxd8
Rxd8 9. e5 Nd5 10. Nxd5 Rxd5 11. Bc4 Rd8 12. Ng5 e6 13. Be3 b6 14. Kf2 Bb7 15.
Be2 h6 16. Bf3 Bxf3 17. Nxf3 Nc6 1/2-1/2

[Event "11. Hogeschool Zeeland Tournament"]
[Site "Vlissingen NED"]
[Date "2007.08.08"]
[Round "6.14"]
[White "Afek, Yochanan"]
[Black "Weimann, Maximilian"]
[Result "1-0"]
[WhiteElo "2350"]
[BlackElo "2143"]
[PlyCount "139"]
[EventDate "2007.08.04"]
[EventType "swiss"]
[EventRounds "9"]
[EventCountry "NED"]
[Source "lmi"]
[SourceDate "2007.08.04"]

1. e4 c5 2. Nf3 e6 3. c3 Qa5 4. Bd3 Ne7 5. O-O Ng6 6. Bc2 c4 7. Qe2 b6 8. Re1
Ba6 9. e5 Nc6 10. Qe4 Rc8 11. Na3 b5 12. Rb1 Bb7 13. d4 cxd3 14. Bxd3 a6 15.
Nc2 Qc7 16. Qe2 d6 17. exd6 Bxd6 18. a4 Nce5 19. Nxe5 Nxe5 20. Be4 Bxe4 21.
Qxe4 O-O 22. axb5 axb5 23. Nd4 Qb8 24. Re3 f5 25. Qc2 Ng4 26. Rxe6 Bxh2+ 27.
Kf1 Bg1 28. Kxg1 Qh2+ 29. Kf1 Qh1+ 30. Ke2 Qxg2 31. Be3 f4 32. Qe4 Nxe3 33.
Qxg2 Nxg2 34. Kf3 Nh4+ 35. Kg4 Ng6 36. Nxb5 Rc5 37. Nd4 Ne5+ 38. Kh3 Nd3 39. f3
Rg5 40. b4 Nf2+ 41. Kh2 Nd3 42. Rd1 Ne5 43. b5 Ra8 44. Ra6 Rb8 45. Rda1 Nc4 46.
Ra8 Rxa8 47. Rxa8+ Kf7 48. Rc8 Nd6 49. b6 Ra5 50. b7 Ra2+ 51. Kh3 Nxb7 52. Rc7+
Kf6 53. Rxb7 Ra3 54. Rc7 g5 55. Kg4 h6 56. Kh5 Ra1 57. Rc6+ Ke5 58. Rxh6 Rg1
59. Re6+ Kd5 60. Rg6 Kc4 61. Rxg5 Rh1+ 62. Kg4 Kxc3 63. Ne6 Kc4 64. Kxf4 Rh4+
65. Kf5 Kd5 66. f4 Rh8 67. Kf6+ Kd6 68. f5 Rh6+ 69. Rg6 Rh5 70. Ng5 1-0

[Event "11. Hogeschool Zeeland Tournament"]
[Site "Vlissingen NED"]
[Date "2007.08.08"]
[Round "6.15"]
[White "Dhar-Barua, Saheli"]
[Black "Sengupta, Deep"]
[Result "1-0"]
[WhiteElo "2142"]
[BlackElo "2435"]
[PlyCount "115"]
[EventDate "2007.08.04"]
[EventType "swiss"]
[EventRounds "9"]
[EventCountry "NED"]
[Source "lmi"]
[SourceDate "2007.08.04"]

1. e4 e6 2. d4 d5 3. Nd2 Nf6 4. e5 Nfd7 5. Bd3 c5 6. c3 Nc6 7. Ne2 cxd4 8. cxd4
f6 9. exf6 Qxf6 10. Nf3 h6 11. O-O Bd6 12. Ng3 O-O 13. Nh5 Qf7 14. Nh4 Ne7 15.
f4 Nf5 16. Bxf5 exf5 17. Ng3 g6 18. Nf3 Nf6 19. Ne5 Qg7 20. Qb3 Kh7 21. Bd2 Qe7
22. a3 a5 23. Rac1 Be6 24. Rfe1 Rfb8 25. Nxg6 Kxg6 26. Nxf5 Bxf5 27. Rxe7 Bxe7
28. Rc7 Kf7 29. h3 b6 30. g4 Be4 31. Qb5 Ne8 32. Rd7 Rd8 33. f5 Nd6 34. Qc6
Rxd7 35. Qxd7 Nxf5 36. gxf5 Rg8+ 37. Kf1 Rg3 38. Qe6+ Ke8 39. Qc8+ Kf7 40. Qe6+
Ke8 41. Bxh6 Rf3+ 42. Ke2 Rxf5 43. Bg7 b5 44. b4 axb4 45. axb4 Kd8 46. Qb6+ Ke8
47. Qxb5+ Kf7 48. Qd7 Rh5 49. Be5 Bf5 50. Qc7 Ke8 51. Qc6+ Kf7 52. b5 Rxh3 53.
b6 Bg4+ 54. Kf1 Bh4 55. b7 Re3 56. Qxd5+ Ke7 57. Bd6+ Kf6 58. Qe5+ 1-0

[Event "11. Hogeschool Zeeland Tournament"]
[Site "Vlissingen NED"]
[Date "2007.08.08"]
[Round "6.16"]
[White "Oosterom, Erik"]
[Black "Grooten, Herman"]
[Result "0-1"]
[WhiteElo "2132"]
[BlackElo "2370"]
[PlyCount "74"]
[EventDate "2007.08.04"]
[EventType "swiss"]
[EventRounds "9"]
[EventCountry "NED"]
[Source "lmi"]
[SourceDate "2007.08.04"]

1. d4 Nf6 2. c4 e6 3. Nf3 b6 4. g3 Ba6 5. b3 Bb4+ 6. Bd2 Be7 7. Nc3 d5 8. cxd5
exd5 9. Bg2 O-O 10. O-O Bb7 11. Qc2 Na6 12. Rad1 h6 13. Bf4 Qd7 14. Rfe1 Rfe8
15. Ne5 Qc8 16. Nb5 c6 17. Nc3 c5 18. dxc5 Bxc5 19. Nd3 Bd4 20. Rc1 Ne4 21. Nb5
Bf6 22. Qxc8 Bxc8 23. b4 Bd7 24. a4 g5 25. Be3 Re7 26. Rc2 Bxb5 27. axb5 Nc7
28. Rec1 Nxb5 29. Rc8+ Rxc8 30. Rxc8+ Kg7 31. Rd8 Nbc3 32. Kf1 Nxg3+ 33. hxg3
Rxe3 34. Ra8 Rxe2 35. Rxa7 Rd2 36. Ne1 Bd4 37. Bf3 Rxf2+ 0-1